Kraje w NATO - Statystyki

Ogólne statystyki
  • Ten quiz został rozwiązany 63 razy
  • Średni wynik to 25 z 31
Statystyki odpowiedzi
Hint Odpowiedź % Poprawnych
1999 Czechy
95%
1982 Hiszpania
95%
1999 Polska
95%
1955 Niemcy
93%
1949 Wielka Brytania
93%
1949 Portugalia
91%
1949 USA
91%
2023 Finlandia
89%
1949 Francja
89%
1949 Kanada
89%
2004 Slowacja
89%
1949 Belgia
86%
2004 Litwa
86%
1949 Włochy
86%
2004 Estonia
84%
1949 Holandia
84%
2004 Łotwa
84%
1949 Norwegia
84%
2004 Słowenia
84%
1949 Dania
82%
1949 Luksemburg
82%
2009 Chorwacja
80%
1999 Węgry
80%
1952 Grecja
73%
1952 Turcja
73%
1949 Islandia
68%
2009 Albania
66%
2004 Rumunia
66%
2004 Bułgaria
59%
2017 Czarnogóra
43%
2020 Macedonia Północa
7%
Nie znaleziono quizów pasujących do podanych kryteriów
Rozkład punktacji
Procent ludzi z każdym wynikiem
Percentyl według liczby udzielonych odpowiedzi
Twoja historia wyników
Nie rozwiązałeś tego quizu